| 000 | 00348nam a22001217a 4500 | ||
|---|---|---|---|
| 082 | _a220 PRO | ||
| 100 |
_aFARRUKH,SALMAN, SAMEER _972343 |
||
| 245 | _aPR-SOF-1036-DESIGN OF A FLAPPING WING MICRO AIR VEHICLE | ||
| 260 |
_aISLAMABAD _bNUST COLLEGE OF EME _c2010 |
||
| 650 | _aDE-MECH-28 | ||
| 700 |
_aSUPERVISOR DR AFZAAL MALIK _972344 |
||
| 942 | _cCR | ||
| 999 |
_c578414 _d578414 |
||